[Event "GER Seniors Derby 09th"]
[Site "Wesel Undeloh"]
[Date "2010.04.09"]
[Round "3.4"]
[White "Schaefer, Gerhard Hermann"]
[Black "Knaak, Joachim"]
[Result "0-1"]
[WhiteElo "1427"]
[BlackElo "1974"]
[PlyCount "52"]
[EventDate "2010.04.08"]
[EventType "swiss"]
[EventRounds "7"]
[EventCountry "GER"]
[SourceTitle "EXT 2022"]
[Source "ChessBase"]
[SourceDate "2021.10.06"]
[SourceVersion "1"]
[SourceVersionDate "2021.10.06"]
[SourceQuality "1"]

1. d4 Nf6 2. c4 c5 3. d5 e6 4. dxe6 fxe6 5. Bg5 Be7 6. Nf3 0-0 7. e3 Nc6 8. Nc3 Qa5 9. Qd2 a6 10. a3 d5 11. Bd3 dxc4 12. Bxc4 b5 13. Be2 b4 14. Na2 Ne4 15. axb4 Nxb4 16. Qc1 Nd3+ 17. Kf1 Nxc1 18. Bxe7 Rf7 19. Bd8 Qxd8 20. Rxc1 Bb7 21. Rd1 Qa5 22. Bc4 Bd5 23. Bxd5 exd5 24. Nc3 Nxc3 25. bxc3 Qxc3 26. Ke2 Raf8 0-1